Orlicz spaces and modular spaces

Αποθηκεύτηκε σε:
Λεπτομέρειες βιβλιογραφικής εγγραφής
Κύριος συγγραφέας: Musielak, Julian 1928-
Μορφή: Βιβλίο
Γλώσσα:English
Δημοσίευση: Berlin : Springer-Verlag, 1983
Σειρά:Lecture notes in mathematics (Springer-Verlag) ; 1034
Θέματα:
Ετικέτες: Προσθήκη ετικέτας
Δεν υπάρχουν, Καταχωρήστε ετικέτα πρώτοι!

MARC

LEADER 00000nam a2200000 i 4500
001 1/60871
008 941103s1983 eng d
020 |a 3-540-12706-2 
035 |a 1993  |l 10046337 
040 |a GR-MY-UA  |b gre  |e aacr 
041 0 |a eng 
082 0 |a 515.73 
100 1 |a Musielak, Julian  |d 1928- 
245 1 0 |a Orlicz spaces and modular spaces /  |c Julian Musielak 
260 |a Berlin :   |b Springer-Verlag,   |c 1983 
300 |a 222 p.;  |c 25 cm. 
490 1 |a Lecture notes in mathematics (Springer-Verlag)  |v ; 1034 
500 |a Includes bibliographical references and index 
650 0 0 |a Function spaces. 
650 0 0 |a Orlicz spaces. 
830 0 |a Lecture notes in mathematics (Springer-Verlag)  |v ; 1034 
852 |a INST  |b SAMOS  |e 19941103  |h 515.73 MUS  |p 005300007796  |q 005300007796  |t BK  |y 0 
909 |a Σ  |b 028892